Agricultural economics and marketing in the tropics

Saved in:
书目详细资料
主要作者: Abbott, John Cave
其他作者: Makeham, J. P.
格式: 图书
出版: Harlow : Longman Scientific & Technical, c1990
版:2nd ed.
丛编:Intermediate tropical agriculture series
主题:
标签: 添加标签
没有标签, 成为第一个标记此记录!

MARC

LEADER 00000nam a2200000 4500
020 |a 0582029031 
040 |a MUL  |b eng  |e AACR 
082 |a 338.10913 ABB 
100 |a Abbott, John Cave 
245 |a Agricultural economics and marketing in the tropics  |c / John Cave Abbott, J. P. Makeham 
250 |a 2nd ed. 
260 |a Harlow :   |b Longman Scientific & Technical,  |c c1990 
300 |a viii, 194 p. :   |b ill. ;   |c 22 cm 
440 |a  Intermediate tropical agriculture series 
504 |a Includes bibliographical refences and index 
505 |a Developed for students in agricultural colleges who are taking a subsidiary course in the economics of agriculture, this textbook introduces readers to the economic principles applied to agriculture, farm management and marketing methods in common use in the tropics. 
650 |a Agriculture--Economic aspects 
650 |a Agriculture  
650 |a  Farm produce--Marketing 
700 |a  Makeham, J. P. 
942 |c BK 
999 |c 9619  |d 9619